Maiṃ apane Māravāṛī samāja ko pyāra karatā hūm̐. (Record no. 85031)
[ view plain ]
| 000 -LEADER | |
|---|---|
| fixed length control field | 00944cam a2200253 4500 |
| 001 - CONTROL NUMBER | |
| control field | sa 68013316 |
| 003 - CONTROL NUMBER IDENTIFIER | |
| control field | DLC |
| 005 - DATE AND TIME OF LATEST TRANSACTION | |
| control field | 20260227112620.0 |
| 008 - FIXED-LENGTH DATA ELEMENTS--GENERAL INFORMATION | |
| fixed length control field | 910716m19679999ii ab b 000 0 hino |
| 010 ## - LIBRARY OF CONGRESS CONTROL NUMBER | |
| LC control number | sa 68013316 |
| 040 ## - CATALOGING SOURCE | |
| Original cataloging agency | DLC |
| Transcribing agency | DLC |
| Modifying agency | DLC |
| 043 ## - GEOGRAPHIC AREA CODE | |
| Geographic area code | a-ii--- |
| 050 00 - LIBRARY OF CONGRESS CALL NUMBER | |
| Classification number | DS422.C3 |
| Item number | K32 1967 |
| 100 1# - MAIN ENTRY--PERSONAL NAME | |
| Personal name | Kauśika, R̥shi Jaiminī, |
| Dates associated with a name | 1919- |
| 245 10 - TITLE STATEMENT | |
| Title | Maiṃ apane Māravāṛī samāja ko pyāra karatā hūm̐. |
| Statement of responsibility, etc. | lekhaka R̥shi Jaiminī Kauśika "Barūā." |
| 260 ## - PUBLICATION, DISTRIBUTION, ETC. | |
| Place of publication, distribution, etc. | [Kalakattā] |
| Name of publisher, distributor, etc. | Jaiminī-Prakāśana, |
| Date of publication, distribution, etc. | c1967-<2000 > |
| 300 ## - PHYSICAL DESCRIPTION | |
| Extent | v. <1-11, 13-16, 16, pt. 1-2 > : |
| Other physical details | ill., maps ; |
| Dimensions | 28 cm. |
| 500 ## - GENERAL NOTE | |
| General note | In Hindi. |
| 500 ## - GENERAL NOTE | |
| General note | Akhila Bhāratavarshīya Māheśvarī Mahāsabhā amr̥ta-vallarī. |
| 504 ## - BIBLIOGRAPHY, ETC. NOTE | |
| Bibliography, etc. note | Includes bibliographical references. |
| 650 #0 - SUBJECT ADDED ENTRY--TOPICAL TERM | |
| Topical term or geographic name entry element | Caste |
| Geographic subdivision | India |
| General subdivision | History. |
| 650 #0 - SUBJECT ADDED ENTRY--TOPICAL TERM | |
| Topical term or geographic name entry element | Businesspeople |
| Geographic subdivision | India |
| General subdivision | History. |
| 740 0# - ADDED ENTRY--UNCONTROLLED RELATED/ANALYTICAL TITLE | |
| Uncontrolled related/analytical title | Akhila Bhāratavarshīya Māheśvarī Mahāsabhā amr̥ta-vallarī. |
No items available.